| 000 | 00372cam a2200169ua 4500 | ||
|---|---|---|---|
| 001 | 1297 | ||
| 008 | 131122n II |||gr||||Z||||||asm | ||
| 040 | _aMAIN | ||
| 041 | _aEnglish | ||
| 082 | _a891.451 GOS | ||
| 100 | _aGOSWAMI, S.N. | ||
| 245 | _aPRAKRIT SAHITYA | ||
| 260 |
_aGUWAHATI _bBANI PRAKASH |
||
| 300 | _c20CM. | ||
| 653 | _aASSAMESE LITERATURE | ||
| 942 | _cBK | ||
| 999 |
_c1296 _d1296 |
||